000 00703nam a2200229Ia 4500
999 _c17153
_d17153
003 0100
005 20170404100944.0
008 130303s9999 xx 000 0 und d
040 _cARRUPELIB
050 _aBX4700.T5G375131999
100 _aGaucher, Guy, 1930-
_929613
245 _aJohn and Therese
245 _bFlames of love , the influence of St. John of the Cross in the life and writings
260 _aStaten Island
260 _bAlba House
300 _axviii
300 _b 172p. 21cm.
600 _aTherese of Lisieux, St.
_929614
600 _aJohn of the Cross, St.
_929615
700 _aGuy Gaucher , Title, Flammes d'amour. English
_929618
942 _2lcc
_cMONOGRAPH